000 00983cab a2200289 4500
001 ABS57667
008 090401t1997 xxu||||| |||| 00| 0 eng d
035 _a(Sirsi) u80936
041 _aeng
100 _aMcCormack, S.
245 _aWho dares, wins
260 _c1997
350 _a0
490 _aConstruction management
_v3(7) September 1997, 14-17(3)
520 _aSuggests that quality assurance can provide an effective framework for improving efficiency within a company. Case study of Ernest Ireland Construction, one of the first contractors to register under BS5750.
650 _aBS 5750
650 _aCONSTRUCTION INDUSTRY
650 _aCONTRACTORS
650 _aERNEST IRELAND CONSTRUCTION
650 _aQUALITY ASSURANCE
650 _aQUALITY MANAGEMENT SYSTEMS
650 _aTOTAL QUALITY MANAGEMENT
650 _aTOTAL QUALITY MANAGEMENT
690 _aMANAGEMENT-BUSINESS MANAGEMENT-PROFESSIONAL PRACTICE
942 _n0
948 _c17/09/1997
999 _c50979
_d50979